Mangroves of Orissa coast and their ecology (Record no. 400350)

000 -LEADER
fixed length control field 00438cam a22001457a 4500
008 - FIXED-LENGTH DATA ELEMENTS--GENERAL INFORMATION
fixed length control field 180718b1990 xxu||||| |||| 00| 0 eng d
020 ## - INTERNATIONAL STANDARD BOOK NUMBER
International Standard Book Number 8121100283
082 ## - DEWEY DECIMAL CLASSIFICATION NUMBER
Classification number O91x54 B221
100 ## - MAIN ENTRY--PERSONAL NAME
Personal name Benerjee, L.K.
245 ## - TITLE STATEMENT
Title Mangroves of Orissa coast and their ecology
Statement of responsibility, etc. by L.K. Banerjee and T.A. Rao
260 ## - PUBLICATION, DISTRIBUTION, ETC.
Place of publication, distribution, etc. Dehradun
Name of publisher, distributor, etc. Bishen Singh Mahendra Pal Singh
Date of publication, distribution, etc. 1990
300 ## - PHYSICAL DESCRIPTION
Extent 118p.
650 ## - SUBJECT ADDED ENTRY--TOPICAL TERM
Topical term or geographic name entry element Mangrove plants - India
700 ## - ADDED ENTRY--PERSONAL NAME
Personal name Rao, T.A.
Holdings
Withdrawn status Lost status Damaged status Not for loan Permanent Location Current Location Date acquired Full call number Barcode Date last seen Price effective from Koha item type
        Indian Institute of Public Administration Indian Institute of Public Administration 2002-10-08 O91x54 B221 75733 2018-07-21 2018-07-21 Book

Powered by Koha